[Event "Gibtelecom Masters 8th"]
[Site "Gibraltar"]
[Date "2010.02.02"]
[Round "8.9"]
[White "Kapnisis, Spyridon"]
[Black "Edouard, Romain"]
[Result "1/2-1/2"]
[WhiteElo "2510"]
[BlackElo "2608"]
[PlyCount "43"]
[EventDate "2010.01.26"]
[EventType "swiss"]
[EventRounds "10"]
[EventCountry "GGB"]
[SourceDate "2005.02.07"]

1. e4 c5 2. Nf3 d6 3. Bb5+ Bd7 4. Bxd7+ Qxd7 5. c4 Nf6 6. Nc3 g6 7. d4 cxd4 8Nxd4 Bg7 9. f3 O-O 10. Be3 Nc6 11. O-O a6 12. Na4 Rad8 13. Nb6 Qc7 14. Nb3 e6
15. Qd2 Nd7 16. Nxd7 Rxd7 17. Rac1 Rc8 18. f4 Ne7 19. Nd4 Nc6 20. Nb3 Ne7 21Nd4 Nc6 22. Nb3 1/2-1/2

[Event "Gibtelecom Masters 8th"]
[Site "Gibraltar"]
[Date "2010.02.02"]
[Round "8.10"]
[White "Istratescu, Andrei"]
[Black "Bindrich, Falko"]
[Result "1/2-1/2"]
[WhiteElo "2607"]
[BlackElo "2512"]
[PlyCount "96"]
[EventDate "2010.01.26"]
[EventType "swiss"]
[EventRounds "10"]
[EventCountry "GGB"]
[SourceDate "2005.02.07"]

1. e4 e5 2. Nf3 Nc6 3. Bb5 a6 4. Bxc6 dxc6 5. O-O Bd6 6. d4 exd4 7. Qxd4 f6 8Be3 Ne7 9. Nbd2 Be6 10. Rad1 Ng6 11. Nc4 Bxc4 12. Qxc4 Qe7 13. Rfe1 O-O-O 14a4 Rhe8 15. Bd4 Qe6 16. Qxe6+ Rxe6 17. Bc3 c5 18. g3 b5 19. axb5 axb5 20. Rd3
b4 21. Bd2 Ne5 22. Nxe5 Bxe5 23. Rxd8+ Kxd8 24. b3 Ke8 25. Kf1 c4 26. f4 Bb2
27. bxc4 c5 28. Be3 Bc3 29. Re2 Kf7 30. Bf2 Bd4 31. Bxd4 cxd4 32. Ke1 Rc6 33Kd2 Rxc4 34. Kd3 Rc3+ 35. Kxd4 h5 36. f5 g6 37. Rf2 Kg7 38. Kd5 b3 39. cxb3
Rxb3 40. Rc2 gxf5 41. exf5 Kh6 42. Ke6 Rb6+ 43. Kf7 Kg5 44. h4+ Kxf5 45. Rf2+
Kg4 46. Rxf6 Rb7+ 47. Kg6 Kxg3 48. Kxh5 Rb5+ 1/2-1/2

[Event "Gibtelecom Masters 8th"]
[Site "Gibraltar"]
[Date "2010.02.02"]
[Round "8.11"]
[White "Javakhishvili, Lela"]
[Black "Lopez Martinez, Josep Manu"]
[Result "1-0"]
[WhiteElo "2493"]
[BlackElo "2593"]
[PlyCount "97"]
[EventDate "2010.01.26"]
[EventType "swiss"]
[EventRounds "10"]
[EventCountry "GGB"]
[SourceDate "2005.02.07"]

1. d4 Nf6 2. c4 g6 3. Nf3 Bg7 4. g3 O-O 5. Bg2 d6 6. Nc3 Nbd7 7. O-O e5 8. e4
Re8 9. h3 a6 10. Re1 exd4 11. Nxd4 Rb8 12. Rb1 Qe7 13. Nc2 Qf8 14. a4 h5 15. f4
b6 16. Re3 Bb7 17. b4 Nh7 18. Bd2 Qe7 19. Nd5 Qd8 20. Qe2 c6 21. Nc3 a5 22. b5
Nc5 23. Rd1 Qc7 24. e5 dxe5 25. fxe5 Rbd8 26. Re1 Qd7 27. bxc6 Bxc6 28. Nd5
Bxa4 29. Bc3 Qa7 30. Kh1 Bd7 31. Nd4 Qb8 32. Nf3 a4 33. Qb2 Be6 34. Nd4 Qc8 35Nc6 Bxd5 36. cxd5 Rd7 37. Qxb6 Bf8 38. d6 Ne6 39. Ba5 Rb7 40. Qa6 Rb2 41. Qxc8
Rxc8 42. d7 Ra8 43. R3e2 Rb5 44. d8=Q Nxd8 45. Bxd8 Ra6 46. e6 fxe6 47. Rxe6
Rf5 48. Be4 Rc5 49. Ne7+ 1-0

[Event "Gibtelecom Masters 8th"]
[Site "Gibraltar"]
[Date "2010.02.02"]
[Round "8.12"]
[White "Shankland, Samuel L"]
[Black "Felgaer, Ruben"]
[Result "1/2-1/2"]
[WhiteElo "2491"]
[BlackElo "2591"]
[PlyCount "79"]
[EventDate "2010.01.26"]
[EventType "swiss"]
[EventRounds "10"]
[EventCountry "GGB"]
[SourceDate "2005.02.07"]

1. d4 d6 2. Nf3 Nf6 3. c4 g6 4. Nc3 Bg7 5. e4 O-O 6. Be2 c5 7. O-O cxd4 8. Nxd4
Nc6 9. Be3 Nxd4 10. Bxd4 Bd7 11. Rc1 Bc6 12. f3 a5 13. Qd2 Nd7 14. Be3 a4 15Rfd1 Nc5 16. Nd5 Bxd5 17. cxd5 Qa5 18. Qxa5 Rxa5 19. Rd2 Rb8 20. Kf1 b5 21Bxc5 Rc8 22. Rdc2 Rxc5 23. Rxc5 dxc5 24. Rxc5 Bxb2 25. Rxb5 Rxb5 26. Bxb5 a3
27. f4 f6 28. Ke2 Kg7 29. Kf3 Bc3 30. g3 Bb2 31. Bd7 Kf7 32. h4 Bc3 33. Bb5 Kg7
34. Bc4 Kf8 35. Kg4 Kg7 36. h5 Kh6 37. hxg6 hxg6 38. Kf3 Kg7 39. g4 g5 40. fxg5
1/2-1/2

[Event "Gibtelecom Masters 8th"]
[Site "Gibraltar"]
[Date "2010.02.02"]
[Round "8.13"]
[White "Gopal, Geetha Narayanan"]
[Black "Carlsson, Pontus"]
[Result "1/2-1/2"]
[WhiteElo "2584"]
[BlackElo "2476"]
[PlyCount "72"]
[EventDate "2010.01.26"]
[EventType "swiss"]
[EventRounds "10"]
[EventCountry "GGB"]
[SourceDate "2005.02.07"]

1. e4 c5 2. Nf3 d6 3. d4 Nf6 4. Nc3 cxd4 5. Nxd4 g6 6. Be3 a6 7. f3 b5 8. Qd2
Bb7 9. Be2 Nbd7 10. O-O b4 11. Nd5 Nxd5 12. exd5 Bxd5 13. a3 bxa3 14. Rxa3 Bb7
15. Rfa1 Qc8 16. Rc3 Qb8 17. Rb3 Qc8 18. Rc3 Qb8 19. Ra4 Bg7 20. Rb4 Nc5 21Nb3 O-O 22. Nxc5 dxc5 23. Rxc5 Rd8 24. Qe1 Rd7 25. Qg3 Qd8 26. c3 a5 27. Ra4
Bd5 28. Ra1 Bb3 29. h3 a4 30. Kh2 Rd5 31. Rxd5 Qxd5 32. f4 Rd8 33. Qf2 e6 34Bf3 Qb5 35. Bb6 Rd7 36. Re1 Rd6 1/2-1/2

[Event "Gibtelecom Masters 8th"]
[Site "Gibraltar"]
[Date "2010.02.02"]
[Round "8.14"]
[White "Lemos, Damian"]
[Black "Vernay, Clovis"]
[Result "1-0"]
[WhiteElo "2556"]
[BlackElo "2442"]
[PlyCount "59"]
[EventDate "2010.01.26"]
[EventType "swiss"]
[EventRounds "10"]
[EventCountry "GGB"]
[SourceDate "2005.02.07"]

1. d4 d5 2. c4 c6 3. Nf3 Nf6 4. e3 Bf5 5. Nc3 e6 6. Nh4 Be4 7. f3 Bg6 8. Qb3
Qc7 9. Bd2 Nbd7 10. cxd5 Nxd5 11. g3 Bh5 12. Nxd5 exd5 13. Bd3 g5 14. Nf5 Bxf3
15. O-O g4 16. Nh4 h5 17. Nxf3 gxf3 18. e4 Nc5 19. dxc5 Bxc5+ 20. Kh1 h4 21. g4
Qg3 22. Rg1 Bd6 23. e5 Bxe5 24. Rxg3 hxg3 25. Bh7 Rxh7 26. Qxf3 Rxh2+ 27. Kg1
O-O-O 28. Qf5+ Rd7 29. Qxe5 Rxd2 30. Re1 1-0

[Event "Gibtelecom Masters 8th"]
[Site "Gibraltar"]
[Date "2010.02.02"]
[Round "8.15"]
[White "Boskovic, Drasko"]
[Black "Maze, Sebastien"]
[Result "1-0"]
[WhiteElo "2454"]
[BlackElo "2554"]
[PlyCount "73"]
[EventDate "2010.01.26"]
[EventType "swiss"]
[EventRounds "10"]
[EventCountry "GGB"]
[SourceDate "2005.02.07"]

1. d4 Nf6 2. Bg5 e6 3. e3 c5 4. c3 b6 5. f4 Bb7 6. Nf3 Qc7 7. Bd3 Nd5 8. e4
Nxf4 9. Bxf4 Qxf4 10. O-O Qh6 11. Na3 f6 12. d5 e5 13. Nb5 Kd8 14. a4 a6 15Na3 d6 16. b4 Nd7 17. Nc4 Be7 18. Rb1 cxb4 19. Rxb4 a5 20. Rb2 Ba6 21. Qe2 Bxc4
22. Bxc4 Kc7 23. Rfb1 Rhb8 24. Bb5 Nc5 25. Nd2 f5 26. Bc6 Ra7 27. exf5 Bg5 28Nc4 e4 29. g3 Bf6 30. Na3 Kd8 31. Nb5 Re7 32. Nd4 Bxd4+ 33. cxd4 Nd3 34. Rxb6
Rxb6 35. Rxb6 Qc1+ 36. Kg2 Ne1+ 37. Kh3 1-0

[Event "Gibtelecom Masters 8th"]
[Site "Gibraltar"]
[Date "2010.02.02"]
[Round "8.16"]
[White "Cori Tello, Deysi"]
[Black "Naumann, Alexander"]
[Result "0-1"]
[WhiteElo "2412"]
[BlackElo "2525"]
[PlyCount "78"]
[EventDate "2010.01.26"]
[EventType "swiss"]
[EventRounds "10"]
[EventCountry "GGB"]
[SourceDate "2005.02.07"]

1. d4 Nf6 2. c4 e6 3. Nf3 d5 4. g3 dxc4 5. Qa4+ Nbd7 6. Bg2 a6 7. Nc3 Rb8 8Qxc4 b5 9. Qd3 Bb7 10. O-O c5 11. a3 cxd4 12. Qxd4 Be7 13. Bf4 Rc8 14. Bd6 Nc5
15. Bxe7 Qxd4 16. Nxd4 Kxe7 17. Bxb7 Nxb7 18. Rac1 Rhd8 19. Ncxb5 Rxc1 20. Rxc1
Na5 21. b4 axb5 22. e3 Rxd4 23. exd4 Nb3 24. Rd1 Kd6 25. Rd3 Nc1 26. Rd1 Na2
27. Rd2 Nc3 28. Rc2 Nfd5 29. Kf1 Nb1 30. Rc8 Nxa3 31. Rg8 g6 32. Rg7 Ke7 33Rxh7 Nxb4 34. h4 Nc6 35. Ke2 Nxd4+ 36. Kd3 Nf3 37. Rh8 Nc4 38. Ke4 Nfd2+ 39Kd3 b4 0-1

[Event "Gibtelecom Masters 8th"]
[Site "Gibraltar"]
[Date "2010.02.02"]
[Round "8.17"]
[White "Malakhatko, Vadim"]
[Black "Tate, Alan"]
[Result "1-0"]
[WhiteElo "2549"]
[BlackElo "2211"]
[PlyCount "53"]
[EventDate "2010.01.26"]
[EventType "swiss"]
[EventRounds "10"]
[EventCountry "GGB"]
[SourceDate "2005.02.07"]

1. d4 Nf6 2. c4 c5 3. d5 b5 4. cxb5 a6 5. bxa6 g6 6. Nc3 Bxa6 7. g3 d6 8. Bg2
Bg7 9. Nf3 O-O 10. O-O Nbd7 11. Rb1 Ne8 12. Qc2 Nc7 13. Rd1 Bxc3 14. Qxc3 Bxe2
15. Bh6 Nf6 16. Rd2 Bxf3 17. Bxf3 Re8 18. b4 Nb5 19. Qa1 Na3 20. Rb3 cxb4 21Rxb4 Qc7 22. Rb3 Ra5 23. Re2 Rc8 24. Rbe3 Qc1+ 25. Qxc1 Rxc1+ 26. Kg2 Rc2 27Rxa3 1-0

[Event "Gibtelecom Masters 8th"]
[Site "Gibraltar"]
[Date "2010.02.02"]
[Round "8.19"]
[White "Bhat, Vinay S"]
[Black "Krush, Irina"]
[Result "0-1"]
[WhiteElo "2540"]
[BlackElo "2455"]
[PlyCount "80"]
[EventDate "2010.01.26"]
[EventType "swiss"]
[EventRounds "10"]
[EventCountry "GGB"]
[SourceDate "2005.02.07"]

1. Nf3 d5 2. c4 c6 3. d4 Nf6 4. Nc3 dxc4 5. a4 Bf5 6. Ne5 Nbd7 7. Nxc4 Nb6 8Ne5 a5 9. g3 e6 10. Bg2 Bb4 11. O-O O-O 12. e3 h6 13. Qe2 Bh7 14. Rd1 Nbd7 15Nc4 Nb6 16. Ne5 Nbd7 17. Na2 Be7 18. Nc4 Nb6 19. b3 Qc7 20. Bb2 Nfd7 21. e4
Nxc4 22. bxc4 e5 23. dxe5 Nxe5 24. f4 Ng6 25. Nc1 Bc5+ 26. Kh1 Rfd8 27. Nb3 Bb4
28. Nd4 Nf8 29. Nc2 Be7 30. Rf1 Re8 31. Ne3 Bc5 32. f5 f6 33. Ng4 Nd7 34. Rad1
Rad8 35. Rd3 h5 36. Ne3 Ne5 37. Rb3 Qf7 38. Bxe5 Rxe5 39. Nc2 b6 40. Rfb1 Bxf5
0-1

[Event "Gibtelecom Masters 8th"]
[Site "Gibraltar"]
[Date "2010.02.02"]
[Round "8.20"]
[White "Cramling, Pia"]
[Black "Hirneise, Tobias"]
[Result "1-0"]
[WhiteElo "2528"]
[BlackElo "2421"]
[PlyCount "69"]
[EventDate "2010.01.26"]
[EventType "swiss"]
[EventRounds "10"]
[EventCountry "GGB"]
[SourceDate "2005.02.07"]

1. d4 d5 2. Nf3 Nf6 3. c4 c6 4. Nc3 dxc4 5. a4 Bf5 6. Ne5 Nbd7 7. Nxc4 Nb6 8Ne5 a5 9. Bg5 g6 10. e3 Bg7 11. Bd3 Bxd3 12. Nxd3 Nc8 13. O-O O-O 14. Qb3 Nd6
15. Rfd1 Re8 16. Rac1 Ra6 17. Nc5 Qb6 18. Qc2 Raa8 19. h3 Rad8 20. e4 Nd7 21Nxd7 Rxd7 22. Ne2 Nc8 23. Be3 Qa6 24. b3 Red8 25. Rd2 e5 26. Rcd1 exd4 27. Nxd4
Re8 28. Ne2 Rxd2 29. Qxd2 Bf8 30. Ng3 Be7 31. Qd7 Rd8 32. Qxd8+ Bxd8 33. Rxd8+
Kg7 34. Bd4+ f6 35. Rxc8 1-0

[Event "Gibtelecom Masters 8th"]
[Site "Gibraltar"]
[Date "2010.02.02"]
[Round "8.21"]
[White "Zozulia, Anna"]
[Black "Kosteniuk, Alexandra"]
[Result "0-1"]
[WhiteElo "2321"]
[BlackElo "2523"]
[PlyCount "64"]
[EventDate "2010.01.26"]
[EventType "swiss"]
[EventRounds "10"]
[EventCountry "GGB"]
[SourceDate "2005.02.07"]

1. e4 c5 2. Nf3 d6 3. d4 cxd4 4. Nxd4 Nf6 5. Nc3 Nc6 6. Be2 e5 7. Nb3 Be7 8Bg5 O-O 9. Bxf6 Bxf6 10. Nd5 Bg5 11. O-O a5 12. a4 f5 13. exf5 Bxf5 14. c3 Ne7
15. Bd3 Nxd5 16. Bxf5 Nf4 17. Bg4 Kh8 18. g3 Ng6 19. Bf3 Qb6 20. Bg2 Rxf2 21Rxf2 Rf8 22. Nd4 Be3 23. Kh1 Rxf2 24. Nb5 Bc5 25. Qd5 Qc6 26. Qxc6 bxc6 27Bxc6 Ne7 28. Bg2 Rxb2 29. Rf1 g6 30. g4 g5 31. Rd1 Ng6 32. Bc6 Nf4 0-1

[Event "Gibtelecom Masters 8th"]
[Site "Gibraltar"]
[Date "2010.02.02"]
[Round "8.22"]
[White "Andre, Gordon"]
[Black "Guliyev, Namig"]
[Result "0-1"]
[WhiteElo "2308"]
[BlackElo "2516"]
[PlyCount "75"]
[EventDate "2010.01.26"]
[EventType "swiss"]
[EventRounds "10"]
[EventCountry "GGB"]
[SourceDate "2005.02.07"]

1. d4 d5 2. c4 dxc4 3. e4 b5 4. a4 c6 5. axb5 cxb5 6. Nc3 Bd7 7. Nf3 e6 8. Be2
Nf6 9. O-O Be7 10. d5 exd5 11. exd5 Bb4 12. Qd4 O-O 13. Bg5 h6 14. Bh4 Re8 15Rfe1 a5 16. Ne5 g5 17. Bg3 Na6 18. Nxd7 Nxd7 19. Bf3 Nac5 20. Rxe8+ Qxe8 21Qg4 Ne5 22. Bxe5 Qxe5 23. Nxb5 Qxb2 24. Rf1 c3 25. Qd4 Qd2 26. Qf6 Qf4 27. Qc6
Rb8 28. Nxc3 Bxc3 29. Qxc5 Be5 30. Rc1 Rb2 31. Kf1 Bd4 32. Qc8+ Kg7 33. Rc2
Rb1+ 34. Ke2 Qe5+ 35. Kd3 Rb3+ 36. Kc4 Rb4+ 37. Kd3 Bxf2 38. Rxf2 0-1

[Event "Gibtelecom Masters 8th"]
[Site "Gibraltar"]
[Date "2010.02.02"]
[Round "8.23"]
[White "Dzagnidze, Nana"]
[Black "Tania, Sachdev"]
[Result "1-0"]
[WhiteElo "2506"]
[BlackElo "2398"]
[PlyCount "101"]
[EventDate "2010.01.26"]
[EventType "swiss"]
[EventRounds "10"]
[EventCountry "GGB"]
[SourceDate "2005.02.07"]

1. d4 Nf6 2. c4 e6 3. Nc3 Bb4 4. Bg5 c5 5. d5 d6 6. e3 exd5 7. cxd5 Nbd7 8. Bd3
Qa5 9. Nge2 Nxd5 10. O-O Bxc3 11. bxc3 c4 12. Bc2 Nxc3 13. Nxc3 Qxc3 14. Ba4
Qa5 15. Bf4 O-O 16. Bxd6 Rd8 17. Be7 Re8 18. Bd6 b5 19. Bc2 Nf6 20. Qb1 Bb7 21a4 a6 22. axb5 Qxb5 23. Rd1 Be4 24. Rd4 Qxb1+ 25. Bxb1 c3 26. Ba2 Bg6 27. Rc1
c2 28. Kf1 Rac8 29. Ke1 h5 30. h3 Rc6 31. Bf4 Rb6 32. f3 Rb2 33. Bc4 a5 34. e4
a4 35. Kd2 Bxe4 36. fxe4 Nxe4+ 37. Kd3 Nc5+ 38. Kc3 a3 39. Rxc2 Ne4+ 40. Kd3
Nc5+ 41. Kd2 g5 42. Bd6 a2 43. Bxa2 Rxc2+ 44. Kxc2 Re2+ 45. Kb1 Re1+ 46. Kb2
Re2+ 47. Ka3 Ne6 48. Rb4 Rxg2 49. Rb8+ Kg7 50. Be5+ f6 51. Rb7+ 1-0

[Event "Gibtelecom Masters 8th"]
[Site "Gibraltar"]
[Date "2010.02.02"]
[Round "8.24"]
[White "Cori Tello, Jorge"]
[Black "Solomon, Kenny"]
[Result "1-0"]
[WhiteElo "2483"]
[BlackElo "2368"]
[PlyCount "177"]
[EventDate "2010.01.26"]
[EventType "swiss"]
[EventRounds "10"]
[EventCountry "GGB"]
[SourceDate "2005.02.07"]

1. e4 e5 2. Nf3 Nc6 3. Bb5 a6 4. Ba4 Nf6 5. O-O Be7 6. Re1 b5 7. Bb3 d6 8. c3
O-O 9. d3 Na5 10. Bc2 c5 11. Nbd2 Nc6 12. Nf1 Re8 13. Ng3 h6 14. h3 Be6 15. Be3
d5 16. exd5 Nxd5 17. d4 Nxe3 18. fxe3 exd4 19. Qd3 g6 20. exd4 Bf8 21. Rad1
cxd4 22. Nxd4 Qb6 23. Kh1 Nxd4 24. cxd4 Bc4 25. Qd2 Rxe1+ 26. Qxe1 Rd8 27. b3
Be6 28. Qe3 Bg7 29. Ne2 Qd6 30. Be4 Bd7 31. Bf3 Rc8 32. Nc3 f5 33. Nd5 Re8 34Qf4 Qxf4 35. Nxf4 Kf7 36. Rc1 Rc8 37. Re1 a5 38. Bd5+ Kf6 39. Be6 Bxe6 40Rxe6+ Kf7 41. Rd6 Rc1+ 42. Kh2 Rd1 43. Rd7+ Kg8 44. Rd8+ Kf7 45. Rd7+ Kg8 46Nxg6 Bxd4 47. Rb7 Bc5 48. Kg3 Rd2 49. Rxb5 Bd6+ 50. Kf3 Rxa2 51. Nh4 f4 52. Nf5
Bf8 53. h4 a4 54. bxa4 Rxa4 55. Rb7 Ra2 56. h5 Ra4 57. Rb6 Ra5 58. Rg6+ Kf7 59Kxf4 Ra2 60. g3 Ra4+ 61. Kf3 Ra3+ 62. Kg4 Ra4+ 63. Kh3 Ra5 64. Nxh6+ Ke8 65Kh4 Be7+ 66. Kg4 Ra4+ 67. Kh3 Ra5 68. Rg8+ Kd7 69. g4 Ke6 70. Nf5 Ra3+ 71. Kg2
Bf6 72. Re8+ Kf7 73. Re3 Ra2+ 74. Kf3 Bg5 75. Rb3 Ra1 76. Nd6+ Ke6 77. Ne4 Bc1
78. Rc3 Ke5 79. g5 Kd4 80. g6 Bh6 81. Rb3 Ke5 82. Nf2 Ke6 83. Ng4 Bg5 84. h6
Bxh6 85. Nxh6 Ra7 86. Rb6+ Ke5 87. Nf7+ Kf5 88. g7 Ra3+ 89. Ke2 1-0

[Event "Gibtelecom Masters 8th"]
[Site "Gibraltar"]
[Date "2010.02.02"]
[Round "8.25"]
[White "Molina, Antonio"]
[Black "Harika, Dronavalli"]
[Result "0-1"]
[WhiteElo "2148"]
[BlackElo "2471"]
[PlyCount "162"]
[EventDate "2010.01.26"]
[EventType "swiss"]
[EventRounds "10"]
[EventCountry "GGB"]
[SourceDate "2005.02.07"]

1. d4 Nf6 2. c4 c5 3. d5 e5 4. Nc3 d6 5. e4 Nbd7 6. g4 g6 7. Be2 a6 8. a4 Bg7
9. Be3 Qa5 10. Bd2 Qc7 11. g5 Ng8 12. Bf3 h5 13. Nge2 Ne7 14. Rg1 f5 15. gxf6
Nxf6 16. Ng3 Bg4 17. Bg5 Qd7 18. Nf1 O-O-O 19. Ne3 Bxf3 20. Qxf3 Rdf8 21. Qg3
Bh6 22. Bxh6 Rxh6 23. h4 Rh7 24. O-O-O Ng4 25. Rd2 Nh6 26. f3 Rhf7 27. Rf1 Rf4
28. Rdf2 Qe8 29. Kd2 Qf7 30. Ke2 Kb8 31. Ng2 Rf6 32. Ne3 Neg8 33. Ng2 Qc7 34Kd2 R8f7 35. Ne3 Qb6 36. Kc2 Qd8 37. Kd2 Qf8 38. Ke2 Ne7 39. Ncd1 Nc8 40. Nc3
Na7 41. Ke1 Nc8 42. Ke2 Nb6 43. Ke1 Qe8 44. b3 Nd7 45. Kd1 Qd8 46. Kc2 Qf8 47Ncd1 Nb6 48. Kd3 Na8 49. Nc3 Nc7 50. Ke2 Qe8 51. Qh3 Qh8 52. Rg2 Qf8 53. Rg3
Ng8 54. Rg2 Ne7 55. Rgf2 Rg7 56. Qg3 Rgf7 57. Ng2 Qh8 58. Kd3 Ng8 59. Ne2 Nh6
60. Ne3 Ka7 61. Nc3 Rf8 62. Ne2 Nf7 63. Rg2 Kb8 64. Qh3 Nh6 65. Nc3 Qh7 66. Ke2
Ne8 67. Rg3 Qf7 68. Qg2 Ng7 69. Ncd1 Ng8 70. Nf5 Nxf5 71. exf5 Ne7 72. Ne3 Nxf5
73. Nxf5 Rxf5 74. Rxg6 e4 75. Qg3 exf3+ 76. Kf2 Re5 77. Kg1 Ka7 78. Rf2 Re1+
79. Rf1 f2+ 80. Kg2 Rxf1 81. Kxf1 Qf5 0-1

[Event "Gibtelecom Masters 8th"]
[Site "Gibraltar"]
[Date "2010.02.02"]
[Round "8.26"]
[White "Siebrecht, Sebastian"]
[Black "Lovik, Lasse Ostebo"]
[Result "0-1"]
[WhiteElo "2468"]
[BlackElo "2343"]
[PlyCount "70"]
[EventDate "2010.01.26"]
[EventType "swiss"]
[EventRounds "10"]
[EventCountry "GGB"]
[SourceDate "2005.02.07"]

1. d4 Nf6 2. c4 e6 3. Nf3 d5 4. Nc3 Be7 5. Bf4 O-O 6. Qc2 c5 7. dxc5 Na6 8. e3
Nxc5 9. Be2 b6 10. cxd5 Nxd5 11. Rd1 Bb7 12. e4 Nb4 13. Qb1 Qc8 14. a3 Nc6 15b4 Nd7 16. Nb5 e5 17. Be3 Nf6 18. Nd6 Bxd6 19. Rxd6 Ne7 20. Qb2 Nxe4 21. Rd3 f6
22. Qb3+ Kh8 23. O-O Nf5 24. Rc1 Qe8 25. a4 Ba6 26. b5 Bb7 27. Rc7 Nxe3 28Rxe3 Nc5 29. Qd1 Rd8 30. Qc2 Rd6 31. Nh4 Rd7 32. Rxd7 Qxd7 33. Rh3 Be4 34. Ng6+
Bxg6 35. Qxg6 Qxh3 0-1

[Event "Gibtelecom Masters 8th"]
[Site "Gibraltar"]
[Date "2010.02.02"]
[Round "8.27"]
[White "Cmilyte, Viktorija"]
[Black "Sedina, Elena"]
[Result "1/2-1/2"]
[WhiteElo "2489"]
[BlackElo "2335"]
[PlyCount "113"]
[EventDate "2010.01.26"]
[EventType "swiss"]
[EventRounds "10"]
[EventCountry "GGB"]
[SourceDate "2005.02.07"]

1. Nf3 Nf6 2. c4 c6 3. d4 d5 4. Nc3 dxc4 5. a4 Bf5 6. Nh4 Bc8 7. e3 e5 8. Bxc4
exd4 9. exd4 Be7 10. Nf3 O-O 11. O-O Bg4 12. Be3 Na6 13. h3 Bxf3 14. Qxf3 Nb4
15. Rac1 a5 16. Rfe1 Nfd5 17. Bxd5 cxd5 18. Bf4 Bg5 19. Bxg5 Qxg5 20. Nb5 Nc6
21. Rc5 Rad8 22. g3 h6 23. h4 Qd2 24. Qc3 Qxc3 25. bxc3 Rd7 26. Na3 Rc8 27. Rb1
Ne7 28. Rbb5 Rxc5 29. dxc5 Nc6 30. Nc2 Re7 31. Ne3 Rd7 32. Nf5 d4 33. cxd4 Nxd4
34. Nxd4 Rxd4 35. Rxa5 g5 36. h5 Kg7 37. Rb5 Rxa4 38. Rxb7 Rc4 39. Rc7 g4 40Kf1 Rc2 41. Rc6 Rc1+ 42. Kg2 Re1 43. Rc8 Re5 44. Kf1 Rxh5 45. c6 Re5 46. c7 Rc5
47. Ke2 h5 48. Ke3 Rc3+ 49. Kd4 Rc1 50. Ke5 Rc2 51. Ke4 Rc5 52. Kf4 Kh7 53. Ke4
Kg7 54. Kd4 Rc1 55. Ke5 Rc2 56. Kd6 Rd2+ 57. Ke5 1/2-1/2

[Event "Gibtelecom Masters 8th"]
[Site "Gibraltar"]
[Date "2010.02.02"]
[Round "8.28"]
[White "Marchand, Francois"]
[Black "Arakhamia-Grant, Ketevan"]
[Result "1/2-1/2"]
[WhiteElo "2244"]
[BlackElo "2470"]
[PlyCount "166"]
[EventDate "2010.01.26"]
[EventType "swiss"]
[EventRounds "10"]
[EventCountry "GGB"]
[SourceDate "2005.02.07"]

1. d4 Nf6 2. c4 g6 3. Nc3 Bg7 4. e4 d6 5. Nf3 O-O 6. Be2 e5 7. O-O Nc6 8. d5
Ne7 9. Ne1 Nd7 10. Be3 f5 11. f3 f4 12. Bf2 g5 13. Rc1 a5 14. a3 Ng6 15. b4 Nf6
16. c5 axb4 17. axb4 Bd7 18. b5 dxc5 19. Bxc5 b6 20. Bxf8 Bxf8 21. d6 Bxd6 22Nd5 Ne8 23. Rc3 Kh8 24. Rf2 Bc5 25. Rxc5 bxc5 26. Qc1 c6 27. bxc6 Bxc6 28. Qxc5
Bxd5 29. exd5 Qa5 30. Qc1 Qxd5 31. Bd3 Qd4 32. Bxg6 hxg6 33. Qc6 Rb8 34. Qxg6
Ng7 35. Kf1 Qc4+ 36. Re2 Rb2 37. Qe4 Qxe4 38. Rxe4 Nf5 39. Rxe5 Ne3+ 40. Kg1
Rb1 41. Kf2 Rb2+ 42. Kg1 Re2 43. Rxg5 Rxe1+ 44. Kf2 Ra1 45. g3 Ra2+ 46. Ke1 Kh7
47. gxf4 Ng2+ 48. Kd1 Nxf4 49. h4 Kh6 50. Rg4 Nd5 51. Rd4 Ne3+ 52. Kc1 Rc2+ 53Kb1 Rf2 54. Rd3 Nf5 55. Kc1 Nxh4 56. Rd2 Rf1+ 57. Kc2 Kg5 58. Rd5+ Nf5 59. Re5
Kf4 60. Re8 Rxf3 61. Kb2 Rh3 62. Kc2 Nd6 63. Re7 Ne4 64. Re8 Rc3+ 65. Kb2 Rc6
66. Rh8 Ke3 67. Rh3+ Kd4 68. Rh4 Rf6 69. Kb3 Rf2 70. Rg4 Kd5 71. Rg8 Nc5+ 72Kc3 Rf3+ 73. Kc2 Ne6 74. Kd2 Kd4 75. Rg4+ Nf4 76. Kc2 Kc4 77. Kd2 Kb3 78. Rg8
Rd3+ 79. Ke1 Kc3 80. Rc8+ Kd4 81. Rd8+ Nd5 82. Kf2 Ra3 83. Ke2 Ke4 1/2-1/2

[Event "Gibtelecom Masters 8th"]
[Site "Gibraltar"]
[Date "2010.02.02"]
[Round "8.29"]
[White "Bellon Lopez, Juan Manuel"]
[Black "Chapman, Terry P D"]
[Result "1/2-1/2"]
[WhiteElo "2440"]
[BlackElo "2221"]
[PlyCount "136"]
[EventDate "2010.01.26"]
[EventType "swiss"]
[EventRounds "10"]
[EventCountry "GGB"]
[SourceDate "2005.02.07"]

1. d4 Nf6 2. Bg5 e6 3. e4 c5 4. d5 h6 5. Bxf6 Qxf6 6. Nc3 a6 7. Qf3 b5 8. Qxf6
gxf6 9. a4 b4 10. Nd1 Bg7 11. Nf3 f5 12. Nd2 O-O 13. Bd3 Bb7 14. c4 bxc3 15Nxc3 Bd4 16. O-O fxe4 17. Ndxe4 Bxd5 18. Nxd5 exd5 19. Nc3 Bxc3 20. bxc3 Nc6
21. Rfd1 Rfd8 22. Rab1 Kg7 23. h4 d4 24. cxd4 Nxd4 25. Rb6 a5 26. Rd6 Rab8 27Rc1 Rb3 28. Bf1 Ne6 29. Bb5 Rb4 30. g3 Rd4 31. Rxd4 cxd4 32. Kf1 Kf6 33. Ke2
Ke5 34. f4+ Kd5 35. Bc4+ Ke4 36. Re1 Rb8 37. Kf2+ Kf5 38. Re5+ Kf6 39. Rxa5
Rb2+ 40. Kf3 Rc2 41. Rf5+ Ke7 42. Bd5 d3 43. Re5 f6 44. Re3 d2 45. Ke2 Kd6 46Bxe6 dxe6 47. Rd3+ Kc5 48. Rxd2 Rc3 49. Rd3 Rc2+ 50. Kf3 f5 51. Rd8 Ra2 52. Ra8
h5 53. a5 Ra3+ 54. Kg2 Kd5 55. Ra6 Ra2+ 56. Kf1 Ke4 57. Rxe6+ Kf3 58. Ke1 Rxa5
59. Rg6 Ra1+ 60. Kd2 Rg1 61. Rg5 Rxg3 62. Rxf5 Kg4 63. Rg5+ Kxf4 64. Rxh5 Rh3
65. Rh8 Kg4 66. Rg8+ Kxh4 67. Rh8+ Kg4 68. Rxh3 Kxh3 1/2-1/2

[Event "Gibtelecom Masters 8th"]
[Site "Gibraltar"]
[Date "2010.02.02"]
[Round "8.30"]
[White "Al-Tamimi, Hamad"]
[Black "Battaglini, Gabriel"]
[Result "0-1"]
[WhiteElo "2238"]
[BlackElo "2411"]
[PlyCount "53"]
[EventDate "2010.01.26"]
[EventType "swiss"]
[EventRounds "10"]
[EventCountry "GGB"]
[SourceDate "2005.02.07"]

1. e4 e6 2. d4 d5 3. Nd2 c5 4. exd5 Qxd5 5. Ngf3 cxd4 6. Bc4 Qd6 7. O-O Nf6 8Nb3 Nc6 9. Nbxd4 Nxd4 10. Qxd4 Qxd4 11. Nxd4 a6 12. Be2 Be7 13. Bf3 e5 14. Nc6
e4 15. Nxe7 exf3 16. Nxc8 Rxc8 17. Re1+ Kd7 18. c3 Rhe8 19. Rd1+ Kc6 20. gxf3
Re2 21. Kf1 Rce8 22. Rb1 R2e5 23. Bf4 Rf5 24. Rd6+ Kc5 25. Bg3 Rxf3 26. Rbd1
Re6 27. Kg2 0-1

[Event "Gibtelecom Masters 8th"]
[Site "Gibraltar"]
[Date "2010.02.02"]
[Round "8.31"]
[White "Duhayon, Yves"]
[Black "Nezad, Husein Aziz"]
[Result "1/2-1/2"]
[WhiteElo "2241"]
[BlackElo "2408"]
[PlyCount "90"]
[EventDate "2010.01.26"]
[EventType "swiss"]
[EventRounds "10"]
[EventCountry "GGB"]
[SourceDate "2005.02.07"]

1. d4 d5 2. Nf3 Nf6 3. c4 e6 4. Bg5 Be7 5. e3 O-O 6. Nc3 Nbd7 7. Rc1 dxc4 8Bxc4 a6 9. O-O b5 10. Be2 Bb7 11. a3 c5 12. dxc5 Nxc5 13. Nd4 Rc8 14. b4 Ncd7
15. Nb3 Ne5 16. Na5 Ba8 17. Bf4 Nc6 18. Nxc6 Bxc6 19. Qxd8 Rfxd8 20. Rfd1 Rxd1+
21. Nxd1 Nd5 22. Be5 f6 23. Bd4 Bd6 24. Nb2 Kf7 25. Nd3 Ne7 26. Bc5 Bb8 27. f3
Bd5 28. e4 Bc4 29. Bxe7 Kxe7 30. Nb2 Bf4 31. Rc2 Be3+ 32. Kh1 Rd8 33. Nxc4 bxc4
34. g3 f5 35. exf5 exf5 36. f4 Kf6 37. Kg2 g5 38. fxg5+ Kxg5 39. h4+ Kf6 40Bxc4 Rc8 41. Bd3 Rxc2+ 42. Bxc2 Bc1 43. a4 Ba3 44. b5 axb5 45. axb5 Bc5 1/2-1/2